000 00751cam a2200229 a 4500
001 12552197
005 20180201033802.0
008 011001s2003 maua b 001 0 eng
010 _a 2001054380
020 _a0072322705 (alk. paper)
040 _aDLC
_cDLC
_dDLC
041 _aeng
080 _a373.11024 WEI
082 0 0 _a373.11024 WEI
_221
100 1 _a14
101 _aJUR
245 1 0 _aSecondary classroom management :
_cCarol Simon Weinstein.
504 _aIncludes bibliographical references and index.
906 _a7
_bcbc
_corignew
_d1
_eocip
_f20
_gy-gencatlg
942 _2ddc
_cBK
999 _c41458
_d41458